1797 1417 1632 1687 1547 1888 1516 1185 1916 1092 1839 1643 1449 1611 1056 1240 1603 1625 1503 1684 1152 1752 1561 1283 1900 1171 1357 1029 1062 1038 1994 1971 1936 1832 1908 1488 1086 1728 1177 1123 1386 1817 1108 1550 1487 1288 1866 1077 1856 1240 1424 1823 1969 1157 1560 1224 1576 1690 1887 1855 1828 1855 1403 1495 1841 1020 1464 1776 1393 1578 1214 1900 1843 1474 1829 1102 1472 1349 1889 1132 1580 1995 1997 1476 1703 1342 1856 1707 1831 1428 1509 1315 1488 1855 1509 1106 1140 1132 1872 BCNSPRNW ULIB Ver.6.0+V

เปลี่ยนเป็นภาษาไทย

Change to English
 แสดงรายละเอียดบรรณานุกรม
  กลับหน้าหลัก

Brief Record : Get Marc (ISO 2709) : E-mail record : QR code < ปิดหน้าต่าง
LEADER : 00000nam 2200000uu 4500
001    13399125657
003     ULIB
008    170713s2559||||th 000 0 tha d
020    ^a9786160433308
060    ^aQV766^bท332น
100    ^aทอม วู
245    ^aน้ำผักผลไม้ปั่นต้านโรคร้าย/^cทอม วู
250    ^aพิมพ์ครั้งที่ 2
260    ^aกรุงเทพฯ :^bอินสปายร์,^c2559
300    ^a304 หน้า;^b21 ซม.
650    ^aน้ำผัก
650    ^aน้ำผลไม้
650    ^aมะเร็ง^xแง่โภชนาการ
700 0  ^aชาญ ธนประกอบ ^eแปล
945    ^p275^l0^i002646
999    ^aประนอม เกษจรัล
รายการนี้ยังไม่มีแท็ก
คุณยังไม่ได้ล็อกอิน คุณสามารถมีกิจกรรมร่วมกับเว็บไซต์ได้ แต่ต้องล็อกอินก่อน ::
  ล็อกอิน

รายการสื่อสารสนเทศ

ลำดับที่ ประเภท เลขเรียก/บาร์โค้ด สถานที่ สถานะ
1. วิทยาศาสตร์การแพทย์ และสุขภาพ
วิทยาศาสตร์การแพทย์ และสุขภาพ
สถานะ=หนังสือเก่า
QV766 ท332น ฉ.1 
  Barcode: 002646
ห้องสมุดวิทยาเขตสวรรค์ประชารักษ์
►ส่วนจัดเก็บหนังสือเก่า สปร
บนชั้น
  ขอยืม

รายการใกล้เคียง
    ผู้แต่ง [ทอม วู]

    หัวเรื่อง [น้ำผัก]
    หัวเรื่อง [น้ำผลไม้]

BibComment


ยังไม่เคยถูกคอมเมนท์

คอมเมนท์ทรัพยากรรายการนี้
  คอมเมนท์: น้ำผักผลไม้ปั่นต..


 Copyright 2026. Bcnsprnw @Library